[Event "Arab-ch"]
[Site "Khartoum"]
[Date "2023.02.28"]
[Round "4"]
[White "Ahmed Hassan, Ahmed"]
[Black "Peter Majur, Manyang"]
[Result "1-0"]
[WhiteElo "2086"]
[BlackElo "2076"]
[PlyCount "99"]
[EventDate "2023.02.26"]
[EventType "swiss"]
[EventRounds "9"]
[EventCountry "SUD"]
[SourceTitle "CBM 213 Extra"]
[Source "ChessBase"]
[SourceDate "2023.05.31"]
[SourceVersion "1"]
[SourceVersionDate "2023.05.31"]
[SourceQuality "1"]

1. e4 c6 2. c4 d5 3. exd5 cxd5 4. cxd5 Nf6 5. Nc3 Nxd5 6. Nf3 e6 7. Bc4 Nf6 8. d4 Be7 9. 0-0 0-0 10. a3 a6 11. Bg5 b5 12. Ba2 Bb7 13. Re1 Nbd7 14. Qe2 Re8 15. Rad1 b4 16. axb4 Bxb4 17. Ne5 Qa5 18. Bb1 Rac8 19. Bd2 Red8 20. h4 Nf8 21. Bg5 Bxc3 22. bxc3 Rxc3 23. Bxf6 gxf6 24. Qg4+ Ng6 25. Nxg6 hxg6 26. Bxg6 Kf8 27. Bxf7 Kxf7 28. Qxe6+ Kg6 29. Qg4+ Kf7 30. d5 Rxd5 31. Qe6+ Kg6 32. Qg8+ Kh6 33. h5 Kxh5 34. Qh7+ Kg5 35. Qxb7 Rxd1 36. Rxd1 Rc5 37. Qg7+ Kf5 38. Qh7+ Ke6 39. Qd7+ Ke5 40. Qd4+ Kf5 41. Qd3+ Kg5 42. Qe3+ Kg6 43. Qe8+ Kg5 44. Qg8+ Kh6 45. Qf8+ Kg6 46. Qe8+ Kh6 47. Qh8+ Kg6 48. Qg8+ Kf5 49. f3 Re5 50. Qg4# 1-0

[Event "UGA-chT"]
[Site "Kampala"]
[Date "2022.08.14"]
[Round "4"]
[White "Were, Samuel"]
[Black "Peter Majur, Manyang"]
[Result "0-1"]
[WhiteElo "1793"]
[BlackElo "2095"]
[PlyCount "62"]
[EventDate "2022.07.10"]
[EventType "team-swiss"]
[EventRounds "14"]
[EventCountry "UGA"]
[SourceTitle "EXT 2024"]
[Source "ChessBase"]
[SourceDate "2023.10.10"]
[SourceVersion "1"]
[SourceVersionDate "2023.10.10"]
[SourceQuality "1"]
[WhiteTeam "Makindye CC"]
[BlackTeam "Kireka Panthers"]
[WhiteTeamCountry "UGA"]
[BlackTeamCountry "UGA"]

1. e4 c5 2. Nc3 Nc6 3. f4 a6 4. a4 f5 5. e5 d5 6. d3 d4 7. Nce2 e6 8. Nf3 Nge7 9. Ng3 Nd5 10. Ng5 Be7 11. h4 Bd7 12. Nh5 Bxg5 13. hxg5 Qe7 14. Be2 0-0-0 15. Ng3 h6 16. gxh6 Rxh6 17. Rxh6 gxh6 18. Nf1 Ncb4 19. g3 Bc6 20. Bd2 c4 21. dxc4 Ne3 22. Bxe3 dxe3 23. Qc1 Be4 24. Nxe3 Qc5 25. Bd1 Bxc2 26. Bxc2 Nxc2+ 27. Nxc2 Qg1+ 28. Ke2 Qg2+ 29. Ke1 Qxg3+ 30. Ke2 Qh2+ 31. Kf3 Rd2 0-1

[Event "Olympiad-44"]
[Site "Chennai"]
[Date "2022.08.07"]
[Round "9.3"]
[White "Peter Majur, Manyang"]
[Black "Isaac, Mukoko"]
[Result "1-0"]
[WhiteElo "2095"]
[BlackElo "1805"]
[PlyCount "57"]
[EventDate "2022.07.29"]
[EventType "team-swiss"]
[EventRounds "11"]
[EventCountry "IND"]
[SourceTitle "CBM 210"]
[Source "ChessBase"]
[SourceDate "2022.10.31"]
[SourceVersion "1"]
[SourceVersionDate "2022.10.31"]
[SourceQuality "1"]
[WhiteTeam "South Sudan"]
[BlackTeam "Kenya"]
[WhiteTeamCountry "SUD"]
[BlackTeamCountry "KEN"]

1. e4 c5 2. Nf3 d6 3. d4 cxd4 4. Nxd4 Nf6 5. Nc3 a6 6. Bg5 e6 7. Qf3 Be7 8. 0-0-0 Qc7 9. Bd3 Nbd7 10. Qe2 b5 11. f4 Bb7 12. Bxf6 Nxf6 13. e5 dxe5 14. fxe5 Nd7 15. Rhe1 Bb4 16. Qg4 Bxc3 17. Nxe6 fxe6 18. Qxe6+ Kd8 19. Bf5 Bc6 20. bxc3 Re8 21. Qf7 Re7 22. Qf8+ Re8 23. Qxg7 Kc8 24. Rd6 Qxd6 25. exd6 Rxe1+ 26. Kb2 Rd1 27. Qe7 Rf1 28. Be4 Bxe4 29. Qe8+ 1-0

[Event "Olympiad-44"]
[Site "Chennai"]
[Date "2022.08.01"]
[Round "4.3"]
[White "Ahmed, Fuad"]
[Black "Peter Majur, Manyang"]
[Result "0-1"]
[WhiteElo "1728"]
[BlackElo "2095"]
[PlyCount "72"]
[EventDate "2022.07.29"]
[EventType "team-swiss"]
[EventRounds "11"]
[EventCountry "IND"]
[SourceTitle "CBM 210"]
[Source "ChessBase"]
[SourceDate "2022.10.31"]
[SourceVersion "1"]
[SourceVersionDate "2022.10.31"]
[SourceQuality "1"]
[WhiteTeam "Maldives"]
[BlackTeam "South Sudan"]
[WhiteTeamCountry "MDV"]
[BlackTeamCountry "SUD"]

1. Nf3 f5 2. d4 Nf6 3. Nc3 d5 4. Bg5 e6 5. e3 Bd6 6. Bd3 0-0 7. 0-0 a6 8. Ne5 c5 9. f4 Nc6 10. Nxc6 bxc6 11. Qf3 cxd4 12. exd4 Qb6 13. Bxf6 Rxf6 14. Ne2 Qxb2 15. Rfb1 Qa3 16. Rb6 Bd7 17. h3 Bc7 18. Rb3 Qd6 19. g3 c5 20. c4 Bc6 21. Qe3 cxd4 22. Qxd4 Re8 23. c5 Qe7 24. Nc3 Rg6 25. Kf2 e5 26. Qe3 d4 27. Qe2 dxc3 28. Bxa6 Qxc5+ 29. Kf1 Rxg3 30. Qc4+ Qxc4+ 31. Bxc4+ Kf8 32. Rc1 Rf3+ 33. Kg1 exf4 34. Rbxc3 Bb6+ 35. Kh2 Rf2+ 36. Kg1 Rc2+ 0-1

[Event "Kigali Genocide Memorial op"]
[Site "Kigali"]
[Date "2022.06.12"]
[Round "5"]
[White "Peter Majur, Manyang"]
[Black "Masiko, Ezekiel"]
[Result "1-0"]
[WhiteElo "2066"]
[BlackElo "1834"]
[PlyCount "90"]
[EventDate "2022.06.10"]
[EventType "swiss"]
[EventRounds "6"]
[EventCountry "RWA"]
[SourceTitle "EXT 2023"]
[Source "ChessBase"]
[SourceDate "2022.10.05"]
[SourceVersion "1"]
[SourceVersionDate "2022.10.05"]
[SourceQuality "1"]

1. e4 c5 2. f4 d6 3. Nf3 g6 4. Bc4 Bg7 5. 0-0 e6 6. Nc3 Ne7 7. a3 Nbc6 8. Qe1 Nd4 9. Nxd4 Bxd4+ 10. Kh1 a6 11. d3 0-0 12. e5 d5 13. Ba2 Bxc3 14. Qxc3 b6 15. b4 d4 16. Qe1 Nf5 17. bxc5 bxc5 18. Rb1 Bd7 19. Bd2 Bc6 20. Bc4 Ba4 21. g4 Nh4 22. Qg3 Bc6+ 23. Kg1 Ng2 24. Rf2 Nh4 25. f5 gxf5 26. gxf5+ Kh8 27. Bg5 Rg8 28. Bxd8 Raxd8 29. fxe6 fxe6 30. Bxe6 Rxg3+ 31. hxg3 Nf3+ 32. Kf1 Nxe5 33. Rf5 Ng4 34. Rxc5 Ne3+ 35. Kg1 Ba4 36. Rb7 Bxc2 37. Rbc7 Bxd3 38. Rd7 Rxd7 39. Bxd7 Nc2 40. a4 Bg6 41. g4 Ne1 42. Kf1 Nc2 43. g5 h5 44. gxh6 Bd3+ 45. Kf2 Bg6 1-0

[Event "Juba olympiad qual"]
[Site "Juba"]
[Date "2022.05.15"]
[Round "8"]
[White "Peter Majur, Manyang"]
[Black "Joseph, Deng Ateny Riak"]
[Result "1-0"]
[WhiteElo "2023"]
[BlackElo "2023"]
[PlyCount "63"]
[EventDate "2022.05.10"]
[EventType "tourn"]
[EventRounds "11"]
[EventCountry "SUD"]
[SourceTitle "CBM 208 Extra"]
[Source "ChessBase"]
[SourceDate "2022.07.31"]
[SourceVersion "1"]
[SourceVersionDate "2022.07.31"]
[SourceQuality "1"]

1. e4 e5 2. d4 exd4 3. Nf3 d5 4. Qxd4 dxe4 5. Qxd8+ Kxd8 6. Ng5 Nh6 7. Nxe4 Bb4+ 8. c3 Re8 9. Bd3 f5 10. cxb4 fxe4 11. Bg5+ Kd7 12. Bc4 Nf5 13. Nc3 Nd6 14. 0-0-0 Nc6 15. b5 Ne5 16. Nxe4 Rf8 17. Rhe1 Rf5 18. Bb3 h6 19. Bh4 Ke8 20. Nxd6+ cxd6 21. g4 Rf6 22. Bxf6 gxf6 23. f4 Ke7 24. fxe5 fxe5 25. Rf1 Be6 26. Bxe6 Kxe6 27. Rf5 Rc8+ 28. Kb1 Rc5 29. Rh5 d5 30. Rxh6+ Kd7 31. Rf1 Ke7 32. Rc1 1-0

[Event "Juba olympiad qual"]
[Site "Juba"]
[Date "2022.05.15"]
[Round "7"]
[White "Peter Majur, Manyang"]
[Black "Madol, Garang Panthoum"]
[Result "1-0"]
[WhiteElo "2023"]
[BlackElo "1851"]
[PlyCount "68"]
[EventDate "2022.05.10"]
[EventType "tourn"]
[EventRounds "11"]
[EventCountry "SUD"]
[SourceTitle "CBM 208 Extra"]
[Source "ChessBase"]
[SourceDate "2022.07.31"]
[SourceVersion "1"]
[SourceVersionDate "2022.07.31"]
[SourceQuality "1"]

1. d4 e6 2. c4 Nf6 3. Nc3 d5 4. Bf4 Bd6 5. Bg5 Be7 6. e3 0-0 7. Nf3 b6 8. Bd3 Bb7 9. Rc1 Nbd7 10. 0-0 c5 11. h3 Rc8 12. cxd5 Nxd5 13. Bxe7 Qxe7 14. Qe2 cxd4 15. Nxd4 Nxc3 16. bxc3 Nc5 17. f4 Nxd3 18. Qxd3 Rfd8 19. Qe2 Qa3 20. f5 e5 21. Nb5 Ba6 22. f6 g6 23. Rcd1 Rxd1 24. Rxd1 Bxb5 25. Qxb5 Qxc3 26. Rd3 Qc5 27. Qd7 a6 28. Qe7 h5 29. Kh2 e4 30. Rd7 Rf8 31. Qxe4 Kh7 32. Qf4 a5 33. e4 Qc4 34. a3 b5 1-0

[Event "Juba olympiad qual"]
[Site "Juba"]
[Date "2022.05.13"]
[Round "4"]
[White "Gong, Thon Gong"]
[Black "Peter Majur, Manyang"]
[Result "0-1"]
[WhiteElo "2159"]
[BlackElo "2023"]
[PlyCount "112"]
[EventDate "2022.05.10"]
[EventType "tourn"]
[EventRounds "11"]
[EventCountry "SUD"]
[SourceTitle "CBM 208 Extra"]
[Source "ChessBase"]
[SourceDate "2022.07.31"]
[SourceVersion "1"]
[SourceVersionDate "2022.07.31"]
[SourceQuality "1"]

1. e4 c6 2. d4 d5 3. Nc3 dxe4 4. Nxe4 Nf6 5. Nxf6+ exf6 6. Be3 Bd6 7. Bd3 0-0 8. Ne2 Re8 9. 0-0 Nd7 10. Ng3 g6 11. Re1 f5 12. Qd2 Nf6 13. Bg5 Be6 14. Ne2 Bf8 15. c3 Bg7 16. Nf4 Qd7 17. Nxe6 Rxe6 18. Rxe6 Qxe6 19. f3 Re8 20. a3 h5 21. Kf1 Nh7 22. Bh4 Qd5 23. Re1 Rxe1+ 24. Qxe1 Nf8 25. Qe2 b5 26. Qe8 Qb3 27. Qe2 Ne6 28. Bg3 Bh6 29. Qc2 Qxc2 30. Bxc2 Bc1 31. Bd6 Bxb2 32. Bb4 Nf4 33. Ke1 a5 34. Bxa5 Bxa3 35. g3 Nd5 36. Ke2 Bd6 37. f4 h4 38. Bb3 Nf6 39. Kf3 h3 40. Kf2 Ng4+ 41. Kg1 Ba3 42. Bd1 Bc1 43. Bf3 Be3+ 44. Kh1 Nf2+ 45. Kg1 Ne4+ 46. Kf1 Nd2+ 47. Ke2 Nxf3 48. Kxf3 Bg1 49. Ke2 Bxh2 50. Kf2 Kg7 51. Bd8 Kh6 52. Be7 Kh5 53. Kf3 Bg1 54. Bd8 h2 55. Kg2 Kg4 56. Be7 Bf2 0-1

[Event "Juba olympiad qual"]
[Site "Juba"]
[Date "2022.05.11"]
[Round "2"]
[White "Wech, Adol Chol"]
[Black "Peter Majur, Manyang"]
[Result "0-1"]
[WhiteElo "1892"]
[BlackElo "2023"]
[PlyCount "70"]
[EventDate "2022.05.10"]
[EventType "tourn"]
[EventRounds "11"]
[EventCountry "SUD"]
[SourceTitle "CBM 208 Extra"]
[Source "ChessBase"]
[SourceDate "2022.07.31"]
[SourceVersion "1"]
[SourceVersionDate "2022.07.31"]
[SourceQuality "1"]

1. e4 c6 2. Nf3 d5 3. exd5 cxd5 4. d4 Nc6 5. Be2 Bf5 6. a3 Rc8 7. 0-0 Nf6 8. Nbd2 e6 9. c3 Bd6 10. Re1 h6 11. Nf1 0-0 12. Bd3 Bg4 13. h3 Bh5 14. Ng3 Bxf3 15. Qxf3 e5 16. dxe5 Nxe5 17. Qd1 Nxd3 18. Qxd3 Re8 19. Be3 Bxg3 20. fxg3 Rc6 21. Rad1 Rce6 22. Bf2 Rxe1+ 23. Bxe1 Qb6+ 24. Bf2 Qxb2 25. Rb1 Qxa3 26. Rxb7 a6 27. Kh2 Qa2 28. Bd4 Qe2 29. Qf5 Qe6 30. Qf3 Ne4 31. Rb6 Ng5 32. Qf1 Qe2 33. Qxe2 Rxe2 34. Rxa6 Nf3+ 35. Kh1 Re1+ 0-1

[Event "Kampala Lighthouse op"]
[Site "Kampala"]
[Date "2019.04.11"]
[Round "2.7"]
[White "Peter Majur, Manyang"]
[Black "Muwanika, Phillip"]
[Result "0-1"]
[WhiteElo "2049"]
[BlackElo "1624"]
[PlyCount "58"]
[EventDate "2019.04.11"]
[EventType "swiss"]
[EventRounds "7"]
[EventCountry "UGA"]
[SourceTitle "EXT 2024"]
[Source "ChessBase"]
[SourceDate "2023.10.10"]
[SourceVersion "1"]
[SourceVersionDate "2023.10.10"]
[SourceQuality "1"]

1. d4 d5 2. c4 e6 3. Nc3 Nf6 4. cxd5 exd5 5. Bg5 c6 6. Nf3 Be7 7. g3 h6 8. Bf4 Bd6 9. Bxd6 Qxd6 10. Bg2 0-0 11. 0-0 Re8 12. Nd2 Na6 13. e4 dxe4 14. Ndxe4 Nxe4 15. Nxe4 Qg6 16. Qf3 Bg4 17. Qf4 Rad8 18. Rfe1 Nb4 19. Nc5 Rxe1+ 20. Rxe1 b6 21. Nb7 Nd3 22. Be4 Nxf4 23. Bxg6 Nh3+ 24. Kg2 Rb8 25. Bc2 Ng5 26. Re7 Kf8 27. Rc7 Bh3+ 28. Kg1 Nf3+ 29. Kh1 Re8 0-1